000 00705nam a2200241 a 4500
005 20191224041540.0
008 140221b1998 xr ||||| |||| 00| 0 eng d
020 _a8088833086
040 _aCO-BoIAVH
_cCO-BoIAVH
041 _aeng
082 _a333.7
_bM66e
100 _aKlinda, Jozef
110 _bSlovak Republic. Ministry of the Environment
245 1 _aEnvironment of the Slovak Republic
260 _aPraga
_bMinistry
_c1998
300 _a112 páginas
650 1 6 _aMedio ambiente
650 1 6 _aRecursos naturales
650 1 _aRecursos hídricos
650 1 6 _aRecursos hidrobiológicos
650 1 6 _aRecursos pesqueros
942 _cLIBRO
_2ddc
999 _c715
_d715